| Tag |
First Indicator |
Second Indicator |
Subfields |
| LEADER |
00000cam a2200000 i 4500 |
| 001 |
in00005633921 |
| 006 |
m o d |
| 007 |
cr |n||||||||a |
| 008 |
080405s2007 vau o 000 0 eng d |
| 005 |
20250331201111.9 |
| 035 |
|
|
|a (OCoLC)ocn405336560
|
| 040 |
|
|
|a VaAlASP
|b eng
|e pn
|c UAB
|d ALSTP
|d OCLCQ
|d FTUBL
|d OCLCO
|d OCLCQ
|d U3G
|d OCLCO
|d OCLCQ
|d OCLCF
|d OCLCO
|d OCLCQ
|d OCLCO
|d RRP
|d YOU
|d EYM
|d LVT
|d OCLCO
|d OCLCL
|d OCLCQ
|
| 019 |
|
|
|a 593414172
|a 1237036164
|
| 035 |
|
|
|a (OCoLC)405336560
|z (OCoLC)593414172
|z (OCoLC)1237036164
|
| 050 |
|
4 |
|a PN1997.A1
|
| 049 |
|
|
|a TXAM
|
| 100 |
1 |
|
|a Nichols, Dudley,
|d 1895-1960.
|1 https://id.oclc.org/worldcat/entity/E39PBJgCPVVRjKT7m4rtHfJRrq
|
| 245 |
1 |
4 |
|a The Arizonian (1935) :
|b shooting script /
|c story by Dudley Nichols ; screen story by Dudley Nichols.
|
| 250 |
|
|
|a [1st electronic ed.].
|
| 260 |
|
|
|a Alexandria, VA :
|b Alexander Street Press,
|c 2007.
|
| 300 |
|
|
|a 1 online resource.
|
| 336 |
|
|
|a text
|b txt
|2 rdacontent
|
| 337 |
|
|
|a computer
|b c
|2 rdamedia
|
| 338 |
|
|
|a online resource
|b cr
|2 rdacarrier
|
| 490 |
1 |
|
|a American film scripts online
|
| 500 |
|
|
|a Title from HTML t.p. (viewed May 1, 2009).
|
| 650 |
|
0 |
|a Motion picture plays, American.
|
| 650 |
|
6 |
|a Scénarios de cinéma américains.
|
| 650 |
|
7 |
|a Motion picture plays, American.
|2 fast
|0 (OCoLC)fst01740826
|
| 655 |
|
7 |
|a Electronic books.
|2 local
|
| 655 |
|
7 |
|a screenplays.
|2 aat
|
| 655 |
|
7 |
|a Screenplays.
|2 fast
|0 (OCoLC)fst01726675
|
| 655 |
|
7 |
|a Screenplays.
|2 lcgft
|
| 655 |
|
7 |
|a Scénarios de cinéma.
|2 rvmgf
|
| 710 |
2 |
|
|a Alexander Street (Firm)
|
| 758 |
|
|
|i has work:
|a The Arizonian (1935) (Text)
|1 https://id.oclc.org/worldcat/entity/E39PCG9jGKvCxmJdbb7VMWxggC
|4 https://id.oclc.org/worldcat/ontology/hasWork
|
| 830 |
|
0 |
|a American film scripts online.
|
| 856 |
4 |
0 |
|u http://proxy.library.tamu.edu/login?url=https://www.aspresolver.com/aspresolver.asp?AFSO;FS001119
|z Connect to the full text of this electronic book
|t 0
|
| 936 |
|
|
|a BATCHLOAD
|
| 955 |
|
|
|a Alexander Press - Film Scripts Online Vol. 1
|
| 994 |
|
|
|a 92
|b TXA
|
| 999 |
f |
f |
|s b63cd4c7-037b-40c4-98a7-84a0b22fa1e5
|i 863e57cf-3773-4a80-88ee-a45bff11ce95
|t 0
|
| 952 |
f |
f |
|a Texas A&M University
|b College Station
|c Electronic Resources
|d Available Online
|t 0
|e PN1997.A1
|h Library of Congress classification
|
| 998 |
f |
f |
|a PN1997.A1
|t 0
|l Available Online
|